Nationalmannschaften anhand der Vereine ihrer Spieler erkennen - Statistiken

Allgemein
  • Dieses Quiz wurde 1.122 mal gespielt
  • Das Durchschnittsergebnis liegt bei 9 aus 12
Antwortstatistiken
Bildquiz Antwort % Korrekt
Deutschland
96%
England
92%
Brasilien
87%
Belgien
83%
Niederlande
80%
Schweiz
80%
Portugal
75%
Polen
74%
Schweden
65%
USA
56%
Irland
55%
Wales
54%
Keine übereinstimmenden Quizze gefunden
Verteilung der Resultate
Anzahl Personen mit jedem Resultat
Perzentil nach korrekt beantworteten Fragen
Ihre Resultats-Entwicklung
Sie haben dieses Quiz noch nicht gespielt